Statistics for 東京法務局管内の法務局

Click here to take the quiz!

General Stats

  • This quiz has been taken 15 times
  • The average score is 90 of 162

Answer Stats

Answer% Correct
八王子支局
92%
川崎支局
85%
横須賀支局
85%
横浜地方法務局
85%
江戸川出張所
85%
市川支局
85%
船橋支局
85%
柏支局
85%
松戸支局
85%
千葉地方法務局
85%
世田谷出張所
85%
宇都宮地方法務局
85%
品川出張所
85%
さいたま地方法務局
85%
目黒法務局証明サービスセンター
85%
港出張所
77%
成田出張所
77%
土浦支局
77%
熊谷支局
77%
川越支局
77%
日立支局
77%
水戸地方法務局
77%
東京法務局
77%
平塚法務局証明サービスセンター
77%
町田出張所
77%
立川出張所
77%
相模原法務局証明サービスセンター
77%
練馬出張所
77%
小田原法務局証明サービスセンター
77%
新宿出張所
77%
甲府地方法務局
77%
台東出張所
77%
富士支局
77%
渋谷出張所
77%
厚木支局
69%
所沢支局
69%
太田支局
69%
川口出張所
69%
三島法務局証明サービスセンター
69%
沼津支局
69%
浜松支局
69%
越谷支局
69%
春日部出張所
69%
前橋地方法務局
69%
静岡地方法務局
69%
木更津支局
69%
館山支局
69%
高崎支局
69%
市原出張所
69%
つくば出張所
69%
足利支局
69%
豊島出張所
69%
杉並出張所
69%
府中支局
69%
板橋出張所
69%
日光支局
69%
栃木支局
69%
松本支局
62%
長野地方法務局
62%
大月支局
62%
佐野法務局証明サービスセンター
62%
北出張所
62%
新潟地方法務局
62%
旭出張所
62%
港北出張所
62%
取手出張所
62%
戸塚出張所
62%
長岡支局
62%
諏訪支局
62%
秩父支局
62%
本庄出張所
62%
那須塩原法務局証明サービスセンター
62%
御殿場法務局証明サービスセンター
62%
伊勢崎支局
62%
沼田支局
62%
掛川支局
62%
下田支局
62%
野田法務局証明サービスセンター
62%
熱海出張所
62%
中野出張所
62%
清水出張所
62%
上越支局
54%
村上支局
54%
柏崎支局
54%
南魚沼支局
54%
磐田出張所
54%
大和出張所
54%
田無出張所
54%
伊東法務局証明サービスセンター
54%
上田支局
54%
伊那支局
54%
飯田支局
54%
金沢出張所
54%
三条支局
54%
多摩法務局証明サービスセンター
54%
草加出張所
54%
戸田法務局証明サービスセンター
54%
古河法務局証明サービスセンター
54%
鹿嶋支局
54%
館林法務局証明サービスセンター
54%
藤岡法務局証明サービスセンター
54%
佐倉支局
54%
笠間法務局証明サービスセンター
54%
真岡支局
54%
常陸太田支局
46%
飯山支局
46%
糸魚川支局
46%
佐久支局
46%
東松山支局
46%
石岡法務局証明サービスセンター
46%
飯能出張所
46%
茂原支局
46%
富岡支局
46%
鹿沼法務局証明サービスセンター
46%
鴻巣出張所
46%
志木出張所
46%
渋川出張所
46%
墨田出張所
46%
香取支局
46%
上尾出張所
46%
藤枝支局
46%
吉田出張所
38%
坂戸出張所
38%
袋井支局
38%
坂東法務局証明サービスセンター
38%
木曽支局
38%
中之条支局
38%
大町支局
38%
富士宮法務局証明サービスセンター
38%
韮崎出張所
38%
筑西出張所
38%
岩槻法務局証明サービスセンター
38%
神奈川出張所
38%
十日町支局
38%
青葉出張所
38%
ひたちなか法務局証明サービスセンター
38%
東金出張所
38%
匝瑳支局
38%
秦野法務局証明サービスセンター
38%
下妻支局
38%
麻生出張所
38%
久喜支局
38%
鰍沢支局
31%
裾野法務局証明サービスセンター
31%
桐生支局
31%
竜ヶ崎支局
31%
新発田支局
31%
大田原支局
31%
新津支局
31%
佐渡支局
31%
千曲法務局証明サービスセンター
23%
いすみ出張所
15%
城南出張所
15%
湘南支局
15%
城北出張所
15%
伊豆の国法務局証明サービスセンター
15%
北区法務局証明サービスセンター
8%
西多摩支局
0%
栄出張所
0%
さいたま北区法務局証明サービスセンター
0%
浜北区法務局証明サービスセンター
0%
西湘二宮支局
0%

Score Distribution

Percentile by Number Answered

Percent of People with Each Score

Your Score History

You have not taken this quiz